| 000 | 00827 a2200181 4500 | ||
|---|---|---|---|
| 003 | Nust | ||
| 005 | 20221031091830.0 | ||
| 040 | _cNust | ||
| 082 | _a621.381331,LEW | ||
| 100 |
_aLeon Lewin _9101740 |
||
| 245 |
_aAdvanced theory of waveguides / _cLewin Leon |
||
| 260 |
_aLondon _bPublished for Wireless Engineer by Iliffe _c1951 |
||
| 300 |
_a192 p _billus _c23 cm _eDiagrams |
||
| 505 | _aElectromagnetic Theory and its Application to Waveguides (Page-9), Cylindrical Posts in Waveguides (Page-23), Diaphragms in Waveguides (Page-45), The Tuned Post and The Tuned Window (Page-76), Waveguide Steps T-Junctions and Tapers (Page-98), Radiation from Waveguides (Page-121), Propagation in Loaded and Corrugated Guides (Page-145), | ||
| 600 |
_aLeon Lewin _9101740 |
||
| 650 | _aTelecommunication engineering | ||
| 942 |
_2ddc _cBK |
||
| 999 |
_c181944 _d181944 |
||